Modellierung des prähistorischen Landschaftsraumes

Bibliographic Details
Main Author: Wiedermann, Egon, 1953- (Author)
Format: Article
Language:German

MARC

LEADER 00000nab a2200000uu 4500
001 vtls010883173
003 SK-MaSNL
005 20260303145108.0
008 230222|2001 xo |||||||||||||||||ger|
015 |a SNBRB 
035 |a (urnnbn)urn:nbn:sk:snk:ar-0023wj 
035 |a (uuid)f8cce781-d4df-4939-9a28-ab0d654ef6a1 
035 |a urn:nbn:sk:snk-ab8erk 
040 |a SNKBUCL  |b slo  |c SNKBUCL  |e AACR2 
041 0 |a ger 
044 |a xo  |c SK 
100 1 |a Wiedermann, Egon,  |d 1953-  |4 aut  |9 8587 
245 1 0 |a Modellierung des prähistorischen Landschaftsraumes  |c Egon Wiedermann 
773 0 |t Acta Nitriensiae : zborník Filozofickej fakulty Univerzity Konštantína Filozofa v Nitre  |g Č. 4 (2001), s. 315-332 
958 |a OND 
958 |a EUIPO 
958 |a article10 
999 |c 2000449  |d 2002379